000 00316nam a22001337a 4500
008 180831b xxu||||| |||| 00| 0 eng d
020 _a9781854771742
041 _aeng
080 _a941
100 _a16
101 _aHIS
245 _aA Vindication of the rights of men 1790
_cWollstonecraft, M
942 _2udc
_cBK
999 _c47414
_d47414